Albania UEFA European Championships XIs - Statistics

General Stats
  • This quiz has been taken 66 times
  • The average score is 9 of 20
Answer Stats
Answer % Correct
Armando Broja
82%
Elseid Hysaj
80%
Thomas Strakosha
78%
Etrit Berisha
67%
Kristjan Asllani
63%
Berat Djimsiti
61%
Nedim Bajrami
57%
Arlind Ajeti
43%
Jasir Asani
41%
Rey Manaj
41%
Ylber Ramadani
39%
Armando Sadiku
31%
Mario Mitaj
31%
Amir Abrashi
24%
Ansi Agolli
22%
Ledian Memushaj
20%
Mërgim Mavraj
20%
Andi Lila
18%
Burim Kukeli
18%
Ermir Lenjani
18%
No matching quizzes found
Score Distribution
Percent of People with Each Score
Percentile by Number Answered
Your Score History
You have not taken this quiz